000 00742nam a22002297a 4500
001 19520
003 BD-RjUL
005 20211209000438.0
008 140224s1993 ii ||||| |||| 001 0 eng d
020 _a8171002552
035 _a(BD-RjUL)19580
040 _aBD-RjUL
_beng
_cBD-RjUL
_dBD-RjUL
041 _aeng
082 _a658.0028
_bAGM 1993
100 _a Aggarwala , Dharma Vira
_qDharma Vira Aggarwala
_959970
245 _aManagement by objectives (MBO) :
_b concepts, applications, methods, techniques /
_cDharma Vira Aggarwala
260 _aNew Delhi :
_bDeep & Deep Publications,
_c©1993.
300 _a177 p . :
_bill . ;
_c 22 cm.
500 _aIncludes index.
650 _aManagement by objectives.
_9177343
942 _2ddc
_cBK
999 _c19520
_d19520